Matemáticas aplicadas para Administración, Economía y Ciencias Sociales.
-д хадгалсан:
| Үндсэн зохиолч: | |
|---|---|
| Формат: | Ном |
| Хэл сонгох: | испани |
| Хэвлэсэн: |
Cuernavaca, Morelos México
McGraw-Hill
2007
|
| Хэвлэл: | Cuarta edición |
| Нөхцлүүд: | |
| Шошгууд: |
Шошго нэмэх
Шошго байхгүй, Энэхүү баримтыг шошголох эхний хүн болох!
|
MARC
| LEADER | 00000cam a2200000 a 4500 | ||
|---|---|---|---|
| 001 | UCE2007 | ||
| 003 | CL-VaPUC | ||
| 005 | 20230629120257.0 | ||
| 008 | 140605e20070000mx |||||||||||||||||spa|d | ||
| 999 | |c 355687 |d 355685 | ||
| 020 | |a 9701056981 | ||
| 040 | |c Pontificia Universidad Católica de Valparaíso | ||
| 082 | 0 | 4 | |a 519 BUD 2007 |2 21 |
| 100 | 0 | |a Budnick, Frank S |9 574464 | |
| 245 | 1 | 0 | |a Matemáticas aplicadas para Administración, Economía y Ciencias Sociales. |
| 250 | |a Cuarta edición | ||
| 260 | 0 | 3 | |a Cuernavaca, Morelos México |b McGraw-Hill |c 2007 |
| 300 | |a 1033 páginas | ||
| 583 | |a last modification |c 20140605 14:22:00 |k Rodrigo Vera | ||
| 650 | 0 | |a Álgebra |9 259567 | |
| 650 | 0 | |a Cálculo |9 260234 | |
| 650 | 0 | |a Matemáticas financieras |9 260347 | |
| 942 | |c BK |2 ddc | ||
| 945 | |d 20140605 14:22:00 |a dcastane | ||
| 952 | |0 0 |1 0 |2 ddc |3 erb |4 0 |6 519_000000000000000_BUD_2007 |7 0 |8 R |9 462496 |a BIBGIM |b BIBGIM |i 5081971 |l 1 |o 519 BUD 2007 |p 5081971 |r 2025-01-15 |s 2023-08-10 |t 1 |w 2019-11-23 |y BK_R |z Catalogado en:20140605 |k COM | ||
| 952 | |0 0 |1 0 |2 ddc |3 erb |4 0 |6 519_000000000000000_BUD_2007 |7 0 |8 R |9 462497 |a BIBGIM |b BIBGIM |i 5081963 |o 519 BUD 2007 |p 5081963 |r 2025-01-15 |t 2 |w 2019-11-23 |y BK_R |z Catalogado en:20140605 |k COM | ||